備後落合駅から1回以下の乗り換えで行ける駅 - Statistics

General Stats
  • This quiz has been taken 72 times
  • The average score is 83 of 220
Answer Stats
Answer % Correct
三次
86%
広島
86%
岡山
81%
米子
76%
東京
76%
出雲市
75%
横浜
75%
熱海
75%
大阪
75%
姫路
75%
倉敷
73%
静岡
73%
塩町
71%
新見
71%
木次
71%
宍道
69%
沼津
69%
三ノ宮
69%
相生
69%
鳥取
68%
松江
68%
富士
68%
備後庄原
66%
府中
66%
備中神代
64%
東城
64%
伯耆大山
64%
山口
64%
倉吉
63%
新山口
63%
備中高梁
61%
播州赤穂
61%
出雲横田
61%
津山
61%
浜田
59%
下深川
58%
総社
58%
益田
58%
津和野
58%
上郡
58%
玉造温泉
56%
大田市
56%
東岡山
56%
上深川
54%
布原
54%
根雨
54%
鳥取大学前
54%
安来
54%
道後山
53%
中深川
53%
中国勝山
53%
西出雲
53%
江津
53%
和気
53%
生山
51%
瀬戸
51%
49%
狩留家
49%
日生
49%
西大寺
49%
湯田温泉
47%
有年
47%
西川原
47%
備後西城
46%
八次
46%
清音
46%
出雲坂根
46%
西三次
44%
矢賀
44%
温泉津
44%
三石
44%
東山公園
42%
東松江
42%
小奴可
41%
比婆山
41%
万富
41%
上道
41%
油木
41%
甲立
39%
志和口
39%
上下
39%
出雲神西
39%
吉永
39%
熊山
39%
備後三日市
37%
吉田口
37%
小田
37%
三保三隅
37%
高島
37%
北長瀬
37%
備前福河
37%
備前片上
37%
南宍道
37%
出雲大東
37%
三井野原
37%
野馳
36%
安芸矢口
36%
備中川面
36%
湖山
36%
庭瀬
36%
中庄
36%
浦安
34%
仁万
34%
甲奴
32%
久世
32%
赤碕
32%
荘原
32%
直江
32%
長船
32%
備後八幡
31%
井原市
31%
戸坂
31%
井倉
31%
浜村
31%
青谷
31%
31%
御来屋
31%
揖屋
31%
都野津
31%
亀嵩
31%
神杉
29%
豪渓
29%
木野山
29%
石蟹
29%
江尾
29%
松崎
29%
由良
29%
大山口
29%
荒島
29%
田儀
29%
日原
29%
刑部
27%
方谷
27%
伯耆溝口
27%
末恒
27%
八橋
27%
名和
27%
淀江
27%
乃木
27%
来待
27%
江南
27%
石見福光
27%
波子
27%
下府
27%
寒河
27%
西片上
27%
出雲三成
27%
市岡
25%
向原
25%
上三田
25%
備後三川
25%
備後矢野
25%
美作落合
25%
黒坂
25%
岸本
25%
宝木
25%
下北条
25%
中山口
25%
波根
25%
久手
25%
五十猛
25%
坂根
24%
志和地
24%
中三田
24%
玖村
24%
備後安田
24%
三良坂
24%
院庄
24%
美袋
24%
馬路
24%
湯里
24%
敬川
24%
久代
24%
邑久
24%
南大東
24%
矢神
22%
内名
22%
白木山
22%
新郷
22%
下市
22%
静間
22%
黒松
22%
浅利
22%
天和
22%
大多羅
22%
加茂中
22%
七塚
20%
上川立
20%
美作千代
20%
美作追分
20%
備中広瀬
20%
上石見
20%
伊里
20%
伊部
20%
八川
20%
平子
19%
山ノ内
19%
下和知
19%
下川辺
19%
梶田
19%
岩山
19%
日羽
19%
武庫
19%
三谷
19%
徳佐
19%
中畑
17%
河佐
17%
古見
17%
月田
17%
富原
17%
丹治部
17%
足立
17%
日登
17%
坪井
15%
香登
15%
下久野
15%
出雲八代
15%
上菅
14%
大富
14%
幡屋
12%
No matching quizzes found
Score Distribution
Percent of People with Each Score
Percentile by Number Answered
Your Score History
You have not taken this quiz